|
|
|
|
| LEADER |
01149nam a2200253 a 4500 |
| 001 |
4085703 |
| 008 |
091007s1972 ii 100 0 eng d |
| 010 |
|
|
|a 72907893
|
| 040 |
|
|
|a DLC
|c DLC
|d DLC
|
| 082 |
|
|
|a 374.19
|2 16
|
| 111 |
2 |
|
|a Seminar on Training of Adult Educators,
|c Delhi,
|d 1972.
|
| 245 |
1 |
0 |
|a Training of adult educators;
|b proceedings of a seminar held in New Delhi, March 1972.
|c Edited by S. C. Dutta and H. J. Fischer.
|
| 260 |
|
|
|a Bombay,
|b Shakuntala Pub. House
|c 1972
|
| 300 |
|
|
|a viii, 164 p.
|c 23 cm.
|
| 500 |
|
|
|a At head of title: Asian South Pacific Bureau of Adult Education. Friedrich-Naumann-Stiftung.
|
| 541 |
1 |
|
|e 00002295
|
| 650 |
|
0 |
|a Adult education
|x Congresses.
|
| 700 |
1 |
|
|a Dutta, Shib Chandra,
|d 1919-1987.
|
| 700 |
1 |
|
|a Fischer, H. J.,
|e ed.
|
| 710 |
2 |
|
|a Asian-South Pacific Bureau of Adult Education.
|
| 710 |
2 |
|
|a Friedrich-Naumann-Stiftung.
|
| 852 |
4 |
|
|a Ayesha Abed Library
|j General shelf
|
| 999 |
|
|
|c 4464
|d 4464
|
| 952 |
|
|
|0 0
|1 0
|2 ddc
|4 0
|6 374_190000000000000_TRA_1972
|7 0
|9 4177
|a BRACUL
|b BRACUL
|c GEN
|d 2009-10-11
|g 0.00
|l 0
|o 374.19 TRA
|p 3010002295
|r 2009-10-11
|t 1
|w 2009-10-11
|y BK
|x No price found in the accession register.
|